Statistiques concernant Pays se terminant par "R"

Cliquez ici pour prendre le quiz!

Statistiques générales

  • Ce quiz a été pris 227 fois
  • Le résultat moyen est 3 sur 6

Statistiques - réponses

Réponse% Correct
Équateur
80%
Niger
64%
Salvador
59%
Qatar
58%
Madagascar
49%
Singapour
39%

Distribution des résultats

Percentile par nombre de réponses

% des personnes avec chaque résultat

Votre développement - résultats

Vous n’avez pas pris ce quiz